[Event "4th CNE NED-ch Rapid"]
[Site "Amstelveen"]
[Date "2018.11.18"]
[Round "5"]
[White "Timman, Jan H"]
[Black "Van den Doel, Erik"]
[Result "1-0"]
[WhiteElo "2561"]
[BlackElo "2613"]
[Annotator "TA"]
[PlyCount "125"]
[EventDate "2018.11.18"]
[EventType "tourn"]
[EventCountry "NED"]
[SourceTitle "playchess.com"]
[Source "ChessBase"]
[SourceQuality "1"]

{[%evp 9,125,19,11,-6,15,-10,76,76,139,-20,-18,-17,-25,-24,62,9,0,-50,-44,-50,0,0,0,-28,-30,-29,-31,-25,-24,-56,-53,-56,-49,-75,-36,-77,-74,-79,-79,-67,-50,-41,-51,-42,-31,-22,18,-65,-26,-19,16,-25,-7,-22,-18,-82,-46,-56,-65,-78,-69,-74,44,-133,-126,-109,-110,-116,-96,-133,-8,-4,-4,-5,8,8,29,35,37,0,46,0,44,51,64,63,229,236,208,224,302,303,317,218,520,524,549,454,526,456,441,379,521,517,633,633,992,999,1834,1730,2099,2050,1408,1390,5311,5026,5704,1627]} 1. Nf3 d5 2. g3 Bg4 3. Bg2 e6 4. c4 c6 5. Qb3 Qb6 6. d3 {A11: English Opening: 1...c6} Na6 $146 ({Predecessor:} 6... Nd7 7. Be3 Qxb3 8. axb3 a6 9. O-O Ngf6 10. Rc1 Be7 11. h3 Bxf3 12. Bxf3 O-O 13. Bg2 {½-½ (40) Wang,Y (2718)-Sargissian,G (2702) Huaian 2016}) 7. Be3 dxc4 (7... Qxb3 $11 8. axb3 Nf6) 8. Qxc4 $16 {White is better.} Qxb2 (8... Qb4+ $142 9. Nbd2 Qxc4 10. Nxc4 (10. dxc4 Nf6 $11) 10... Bxf3 11. Bxf3 (11. exf3 Nf6 $11) 11... Nh6) 9. Bd4 $2 ({Only move:} 9. O-O $1 $16) 9... Qb4+ $11 10. Nbd2 Qxc4 11. Nxc4 Bb4+ (11... f6 $11) 12. Kf1 (12. Nfd2 $14 Nf6 13. a3) 12... f6 13. Rb1 e5 14. Be3 O-O-O 15. Bxa7 Bc5 16. Bb6 Bxb6 17. Nxb6+ Kc7 18. Nd2 Ne7 19. a3 Nc5 20. f3 Be6 21. Kf2 Nd7 22. Nbc4 Ra8 23. Rhc1 Rhb8 24. Ra1 b5 25. Ne3 Ra4 26. Nc2 Kd8 27. Ne4 Nd5 28. Ne3 (28. Nb4 $11 Nxb4 29. axb4) 28... Ra6 29. Nc2 Rba8 30. d4 Ke7 31. dxe5 fxe5 32. g4 (32. Rab1 $11) 32... Bf7 33. g5 Bg6 34. Bh3 {Threatens to win with Bxd7.} Bxe4 35. fxe4 {[#]} Rf8+ (35... Nc3 $1 $17 36. Nb4 Nxe4+ 37. Kg2 Rxa3 38. Nxc6+ Kd6 39. Rxa3 Rxa3 40. Bxd7 Kxd7 41. Nxe5+ Kd6 42. Nf7+ Kd5 43. Rd1+ Kc5) 36. Kg3 $2 (36. Ke1 $1 $14 {was forced to keep a grip.} Nf4 37. Nb4 {[%mdl 64] Double Attack, Discovered Attack (Double check)}) 36... Nc3 $17 37. Bg4 Nxe4+ 38. Kg2 {Nb4 would now be nice for White.} Rf4 39. h3 {[#] next Nb4 is good for White.} Ndc5 (39... c5 $1 $17 {And now ...Rg6 would win.} 40. Ne3 Nb6 41. Nf5+ Kf8) 40. Nb4 $11 Rb6 41. Ra2 $1 Kd6 42. Rac2 Rf8 43. Rd1+ Kc7 44. Rdc1 {[%mdl 1024] White has compensation.} Kd6 $1 45. Rd1+ Kc7 46. Bf3 Rd8 47. Rdc1 {Black must now prevent Nxc6!} Rd6 $2 ({Black should try} 47... Rd4 $14) 48. Rxc5 $18 Nxc5 49. Rxc5 Kd7 50. Rxe5 Rb8 51. Nd3 Ra8 $2 (51... Kc7 {is tougher.} 52. Re7+ Rd7 53. Rxd7+ Kxd7) 52. Nc5+ Kc7 53. Re7+ {[%mdl 64] Double Attack} Kb6 54. Nd7+ Ka5 {intending ...Ra7.} 55. Ne5 Kb6 56. Rxg7 {White is clearly winning.} Rxa3 57. Rxh7 c5 58. g6 {Strongly threatening g7.} Rxg6+ 59. Nxg6 c4 60. Ne5 Kc5 61. h4 Kd4 62. Nc6+ Kc3 63. Rb7 {Accuracy: White = 48%, Black = 27%.} 1-0

[Event "4th CNE NED-ch Rapid"]
[Site "Amstelveen"]
[Date "2018.11.18"]
[Round "6"]
[White "Van Wely, Loek"]
[Black "Spoelman, Wouter"]
[Result "1-0"]
[WhiteElo "2622"]
[BlackElo "2573"]
[Annotator "TA"]
[PlyCount "65"]
[EventDate "2018.11.18"]
[EventType "tourn"]
[EventCountry "NED"]
[SourceTitle "playchess.com"]
[Source "ChessBase"]
[SourceQuality "1"]

{[%evp 17,65,22,29,0,16,0,46,54,162,155,146,139,168,190,186,184,190,142,127,121,429,422,572,570,563,558,784,734,758,712,798,453,449,437,416,418,514,491,519,459,508,501,658,491,482,483,729,748,867,863]} 1. d4 {Sagar Shah} d5 2. c4 c6 3. Nf3 Nf6 4. Nc3 dxc4 5. a4 e6 6. e3 c5 7. Bxc4 Nc6 {D16: Slav Defence: 5 a4: Lines with 5...Bg4 and 5...Na6} 8. O-O cxd4 9. Nxd4 Bd7 {LiveBook: 34 Games. The position is equal.} 10. Nf3 a6 11. Qe2 $146 ({Predecessor:} 11. e4 Qc7 12. h3 Bd6 13. Qe2 O-O 14. Bd3 Ne5 15. Nxe5 Bxe5 {½-½ (30) Karjakin,S (2760)-Svidler,P (2757) Moscow 2016 CBM 172 [Sagar Shah]}) 11... Bc5 12. e4 {[%cal Be3e4,Be4e5][%mdl 32]} Qc7 {[#]} (12... Nb4 $14) 13. e5 $1 $18 {[%cal Re5f6]} Ng4 {[%cal Rc6e5]} 14. Bf4 Nd4 15. Nxd4 Bxd4 16. Qxg4 Bxc3 17. Qxg7 ({Don't take} 17. bxc3 $6 Qxc4 18. Rad1 (18. Qxg7 O-O-O $14) 18... O-O-O $16) 17... O-O-O 18. Rfc1 (18. Qxf7 $2 Rhf8 $17) 18... Rhg8 $2 {[%mdl 8192]} (18... Bxb2 $16 19. Bxe6 Bxc1 20. Rxc1 Qxc1+ 21. Bxc1 Bxe6) 19. Qxh7 Bc6 20. Rxc3 ({Weaker is} 20. bxc3 Rxg2+ 21. Kf1 Rg4 $11) 20... Rxg2+ 21. Kf1 Qb6 {[%csl Gg2][%cal Rb6f2] [#]} 22. Be3 Qxb2 23. Rac1 Kb8 24. Qb1 Qxb1 25. Rxb1 Rxh2 {Strongly threatening ...Rh1+.} 26. Ke2 Be4 27. Rb4 {White is clearly winning.} Bg6 {( -> ...Bh5+)} 28. Bd3 Bh5+ 29. Kd2 Rh1 30. Rd4 Rxd4 31. Bxd4 Rh4 (31... Bf3 $142 32. Bb6 Bc6) 32. Rc4 Rh3 33. Bb6 {Precision: White = 67%, Black = 24%.} 1-0

[Event "4th CNE NED-ch Rapid"]
[Site "Amstelveen"]
[Date "2018.11.18"]
[Round "6"]
[White "Van Foreest, Jorden"]
[Black "Van den Doel, Erik"]
[Result "1-0"]
[WhiteElo "2613"]
[BlackElo "2615"]
[Annotator "TA"]
[PlyCount "53"]
[EventDate "2018.11.18"]
[EventType "tourn"]
[EventCountry "NED"]
[SourceTitle "playchess.com"]
[Source "ChessBase"]
[SourceQuality "1"]

{[%evp 18,53,22,7,12,20,4,14,35,26,59,0,24,0,0,0,4,-20,-8,-20,0,0,6,6,6,6,6,10,2,2,208,207,225,218,1255,1216,1758,1749]} 1. e4 e5 2. Nf3 Nc6 3. Bc4 Bc5 4. c3 Nf6 5. d3 d6 6. O-O a5 {C54: Giuoco Piano: 4 c3 Nf6, main lines with 5 d4 and 5 d3} 7. Re1 h6 8. Nbd2 O-O 9. h3 Be6 10. b3 {LiveBook: 3 Games} d5 $146 ({Predecessor:} 10... Ba7 11. Nf1 d5 12. exd5 Nxd5 13. Bd2 Qf6 14. N1h2 Rad8 15. Ng4 Bxg4 16. hxg4 {½-½ (27) Karjakin,S (2778)-Ding,L (2778) Shamkir 2018}) 11. exd5 Nxd5 12. Ne4 Ba7 13. Bd2 Re8 14. a3 Nf6 15. Nxf6+ (15. Qe2 {looks sharper.} Nd7 16. g4 Qe7 17. b4 a4 18. Rad1) 15... Qxf6 16. Bxe6 Rxe6 17. b4 Rd8 18. Qc2 Qg6 19. Be3 Qxd3 20. Qxd3 Rxd3 21. b5 $1 {[%cal Rb5c6]} Bxe3 22. bxc6 Ba7 {And now ...e4 would win.} 23. cxb7 {Strongly threatening Rab1.} e4 $2 {[#]} (23... Rb6 $11) 24. Nd4 $1 $18 {[%cal Rd4e6][%mdl 512]} Rb6 (24... Bxd4 25. b8=Q+) 25. Rab1 ({Worse is} 25. Rxe4 Rxb7 26. Rc1 Rd2 $15) 25... Rxc3 $2 (25... Bb8 26. Rxb6 cxb6) 26. Rxb6 cxb6 27. Nb5 {Precision: White = 74%, Black = 30%.} 1-0

[Event "4th CNE NED-ch Rapid"]
[Site "Amstelveen"]
[Date "2018.11.18"]
[Round "6"]
[White "Reinderman, Dimitri"]
[Black "Sokolov, Ivan"]
[Result "0-1"]
[WhiteElo "2582"]
[BlackElo "2588"]
[Annotator "TA"]
[PlyCount "68"]
[EventDate "2018.11.18"]
[EventType "tourn"]
[EventCountry "NED"]
[SourceTitle "playchess.com"]
[Source "ChessBase"]
[SourceQuality "1"]

{[%evp 13,67,16,42,43,15,-5,7,-2,21,-4,0,5,16,0,0,0,0,0,0,0,40,44,47,27,21,-24,-26,-24,-25,-49,-49,-66,-31,-96,-81,-114,-100,-560,-571,-570,-550,-566,-554,-559,-539,-499,-528,-664,-666,-663,-647,-605,-468,-466,-460,-29999]} 1. c4 e5 2. Nc3 Bb4 3. Nd5 Bc5 4. Nf3 c6 5. Nc3 Qe7 6. e3 {A21: English Opening: 1...e5 2 Nc3} d6 7. d4 Bb4 {LiveBook: 5 Games} (7... exd4 8. Nxd4 Nf6 9. Be2 O-O 10. O-O d5 11. cxd5 cxd5 12. Bf3 Rd8 {½-½ (35) Howell,D (2676)-Sadler,M (2685) London 2017}) 8. Qc2 {White is slightly better.} Nf6 9. Be2 Bg4 $146 ({Predecessor:} 9... O-O 10. O-O e4 11. Nd2 d5 12. Nb3 dxc4 {0-1 (32) Haugli,P (2260)-Thorfinnsson,B (2453) Kragero 2017}) 10. Bd2 Bxf3 11. gxf3 exd4 12. exd4 d5 13. Rg1 O-O 14. Bh6 Ne8 15. O-O-O Bxc3 16. bxc3 {Strongly threatening Rxg7+!} Kh8 17. Bg5 Qa3+ 18. Kb1 Nd7 19. Rg4 Nef6 20. Rh4 g6 21. Bd3 dxc4 22. Bxc4 b5 {[%cal Bb7b5,Bb5b4][%mdl 32]} (22... Nd5 $5 {[%cal Rd5c3]} 23. Bb3 b5 $11) 23. Bd3 (23. Qb3 $15 Qa5 24. Bd3 (24. Bxf7 b4 $11)) 23... Nd5 $36 {[%mdl 2048] Keeping White busy.} 24. Bd2 b4 {[%cal Rd5c3]} 25. Rg1 $2 {[%mdl 8192]} (25. Qc1 $17 {is a better chance.}) 25... bxc3 $19 {( -> ...Rab8+)} 26. Bc1 Rab8+ 27. Ka1 {[#]} Rb2 $1 {[%mdl 576] Deflection} 28. Bxb2 cxb2+ 29. Qxb2 Qxd3 30. Rc1 Rb8 31. Qc2 Qxf3 32. Re4 Nb4 33. Qe2 Qa3 {[%cal Ra3c1]} 34. Re3 {[#]} (34. Rc4 $19 Nf6 35. Re3) 34... Qxc1# {Accuracy: White = 36%, Black = 62%.} 0-1

[Event "4th CNE NED-ch Rapid"]
[Site "Amstelveen"]
[Date "2018.11.18"]
[Round "6"]
[White "Ernst, Sipke"]
[Black "Timman, Jan H"]
[Result "1/2-1/2"]
[WhiteElo "2535"]
[BlackElo "2541"]
[Annotator "TA"]
[PlyCount "43"]
[EventDate "2018.11.18"]
[EventType "tourn"]
[EventCountry "NED"]
[SourceTitle "playchess.com"]
[Source "ChessBase"]
[SourceQuality "1"]

{[%evp 22,43,44,29,40,-3,0,0,0,0,0,0,0,0,0,-8,-27,-22,10,0,0,0,3,0]} 1. Nf3 Nf6 2. c4 e6 3. g3 b6 4. Bg2 Bb7 5. O-O Be7 6. Nc3 O-O 7. d4 Ne4 8. Bd2 d5 9. cxd5 exd5 10. Bf4 Nxc3 11. bxc3 Nd7 {[%cal Bb8d7,Bd7c5,Bc5e6][%mdl 32]} 12. Qc2 c5 {E18: Queen's Indian: Old Main Line (4 g3 Bb7 5 Bg2 Be7 6 0-0 0-0 7 Nc3)} 13. dxc5 $146 ({Predecessor:} 13. Rad1 Nf6 14. Be5 Qc8 15. Ng5 g6 16. Qd2 Nh5 17. Nh3 Qe6 18. Kh1 f6 19. Bf4 Rad8 20. Be3 {0-1 (37) Sakaev,K (2634)-Tomashevsky,E (2646) Moscow 2007}) 13... Nxc5 14. Rfd1 Rc8 15. Bh3 Ne6 16. Be5 Bf6 17. Rac1 Qe7 18. Qf5 Bxe5 19. Qxe5 Rce8 {The position is equal.} 20. Bxe6 Qxe6 21. Qxe6 Rxe6 22. Nd4 1/2-1/2

[Event "4th CNE NED-ch Rapid"]
[Site "Amstelveen"]
[Date "2018.11.18"]
[Round "7"]
[White "Van den Doel, Erik"]
[Black "Ernst, Sipke"]
[Result "1-0"]
[WhiteElo "2615"]
[BlackElo "2535"]
[Annotator "TA"]
[PlyCount "69"]
[EventDate "2018.11.18"]
[EventType "tourn"]
[EventCountry "NED"]
[SourceTitle "playchess.com"]
[Source "ChessBase"]
[SourceQuality "1"]

{[%evp 15,69,2,18,0,4,-10,9,0,0,0,0,0,0,0,0,0,7,0,0,2,16,0,83,32,121,113,340,346,354,358,350,353,385,324,508,498,512,512,553,555,524,545,518,518,604,590,575,530,608,594,602,615,633,652,610,610]} 1. e4 e5 2. Nf3 Nc6 3. Bb5 a6 4. Ba4 Nf6 5. d3 {[%cal Bd2d3,Bd3d4][%mdl 32]} d6 6. c3 g6 7. Bg5 Bg7 {C77: Ruy Lopez: 3...a6 4 Ba4 Nf6, unusual lines} (7... h6 8. Bh4 Bg7 9. Nbd2 O-O 10. O-O Bd7 11. Re1 Re8 12. Nf1 Ne7 13. Bb3 g5 14. Bg3 Ng6 15. Ne3 c6 16. Qc2 Nh5 17. Rad1 Qf6 18. d4 Rad8 19. dxe5 dxe5 {½-½ (29) Morozevich,A (2656)-Bocharov,I (2565) Kazan 2018}) 8. Nbd2 Bd7 {LiveBook: 3 Games} 9. d4 O-O {The position is equal.} 10. O-O b5 $146 ({Predecessor:} 10... h6 11. Bh4 exd4 12. Nxd4 Qe8 13. Bb3 Nxd4 14. cxd4 Nh5 15. Qc2 g5 16. Bg3 Nxg3 17. hxg3 {0-1 (35) Rasik,V (2425)-Keitlinghaus,L (2510) Czechia 1994}) 11. Bb3 h6 12. Bh4 exd4 13. Nxd4 Na5 14. Bc2 c5 15. N4b3 Nc6 16. Kh1 Re8 17. f4 Qc7 18. Qf3 {aiming for e5!} Nh7 (18... c4 $11 {remains equal.} 19. Nc1 Bg4) 19. Rad1 ({White should play} 19. e5 $16) 19... Be6 {[#]} (19... c4 $14) 20. e5 $1 $16 {[%cal Re5d6]} c4 $2 (20... dxe5 $16 {is a better defense.} 21. Be4 (21. Nxc5 exf4 22. Nxe6 Rxe6 $14) 21... Bxb3 22. Nxb3 Rac8) 21. exd6 $18 Qxd6 {[#]} 22. Nxc4 $1 {[%mdl 512]} Qc7 (22... bxc4 23. Rxd6) 23. Nd6 Rf8 24. Be4 g5 (24... Rab8 {was necessary.} 25. Bxc6 Bxb3) 25. Bxc6 {White is clearly winning.} Rad8 26. fxg5 Rxd6 27. Bg3 Qxc6 28. Bxd6 Qxf3 29. gxf3 Rc8 30. gxh6 Bxh6 31. Nd4 Bd7 32. Rg1+ Kh8 33. Rde1 Bg5 34. Be5+ f6 {[#]} 35. Rxg5 $1 {Accuracy: White = 55%, Black = 35%.} 1-0

[Event "4th CNE NED-ch Rapid"]
[Site "Amstelveen"]
[Date "2018.11.18"]
[Round "7"]
[White "Sokolov, Ivan"]
[Black "Van Wely, Loek"]
[Result "1-0"]
[WhiteElo "2588"]
[BlackElo "2622"]
[Annotator "TA"]
[PlyCount "35"]
[EventDate "2018.11.18"]
[EventType "tourn"]
[EventCountry "NED"]
[SourceTitle "playchess.com"]
[Source "ChessBase"]
[SourceQuality "1"]

{[%evp 9,35,7,12,15,16,-15,-12,-14,-14,-10,-10,-7,0,-14,202,195,954,953,989,985,956,962,917,877,1777,1780,1543,1439]} 1. d4 Nf6 2. Nf3 d5 3. Bf4 c5 4. e3 Nc6 5. Be2 Bg4 6. O-O {D02: 1 d4 d5 2 Nf3 sidelines, including 2...Nf6 3 g3 and 2...Nf6 3 Bf4} e6 7. c4 cxd4 8. Nxd4 {The position is equal.} Bxe2 9. Nxe2 dxc4 10. Qa4 $146 ({Predecessor:} 10. Nd2 Nd5 11. Nxc4 Nxf4 12. Nxf4 Be7 13. Qb3 {½-½ (29) Mitkov,N (2525)-Shulman,Y (2627) Wheeling 2011}) 10... Qb6 11. Na3 {[%cal Bb1a3,Ba3b5,Bb5c7,Bc7d5,Bd5f4][%mdl 32]} Qxb2 $2 {[#]} (11... Bxa3 $11 {and Black is okay.} 12. bxa3 O-O) 12. Nb5 $1 $18 Rd8 $2 (12... Rc8) 13. Rab1 {White is clearly winning.} Qxe2 14. Nc7+ {[%mdl 64] Discovered Attack} Kd7 15. Rxb7 {Intending Nd5+ and mate.} e5 16. Bxe5 Bd6 17. Nd5+ {[%mdl 64] [#] Discovered Attack} Ke6 18. Nf4+ {[%mdl 64] Double Attack} 1-0

[Event "4th CNE NED-ch Rapid"]
[Site "Amstelveen"]
[Date "2018.11.18"]
[Round "7"]
[White "Spoelman, Wouter"]
[Black "Van Foreest, Jorden"]
[Result "1-0"]
[WhiteElo "2573"]
[BlackElo "2613"]
[Annotator "TA"]
[PlyCount "105"]
[EventDate "2018.11.18"]
[EventType "tourn"]
[EventCountry "NED"]
[SourceTitle "playchess.com"]
[Source "ChessBase"]
[SourceQuality "1"]

{[%evp 9,105,0,9,-38,-36,-23,-1,-31,29,5,29,9,21,1,20,14,33,15,38,-12,20,15,35,18,35,0,0,-11,-7,-14,-3,-37,-37,-132,-131,-136,-137,-136,-138,-233,-225,-227,0,-227,0,-210,-218,-227,-214,-233,-215,-239,-231,-227,-220,-302,-299,-314,-298,-276,179,180,169,167,168,167,183,183,672,419,893,308,248,232,384,439,412,413,434,429,410,408,420,413,376,384,544,530,1195,921,6559,952,466,436,6559,6559,29977,29941]} 1. c4 e5 2. Nc3 Nf6 3. Nf3 Nc6 4. e3 Bb4 5. Qc2 d6 6. a3 {A28: English Opening: Four Knights Variation} Bxc3 $1 7. Qxc3 O-O 8. b4 {The position is equal.} a5 $146 (8... e4 $15 9. Nd4 Ne5) ({Predecessor:} 8... Re8 9. b5 Nb8 10. Be2 Bg4 11. h3 Bh5 12. O-O Nbd7 13. d3 c5 {½-½ (26) Kovalyov,A (2602)-Bruzon Batista,L (2681) San Salvador 2016}) 9. Bb2 Bf5 10. Be2 Re8 11. Qb3 h6 12. O-O Qd7 13. Rad1 Ne7 14. d3 axb4 15. axb4 Ng6 16. Ra1 b5 17. c5 Be6 18. Qc2 Nd5 {[%cal Bf6d5,Bd5b4,Bb4a2][%mdl 32]} 19. Qd2 Nge7 20. g3 Nc6 $36 {[%mdl 2048] Black fights for an advantage.} 21. e4 ({White should try} 21. cxd6 $15 cxd6 22. e4) 21... Ndxb4 $17 22. Rxa8 Rxa8 23. cxd6 Qxd6 ({Weaker is} 23... cxd6 24. d4 $11) 24. Qc3 (24. d4 $17 {was worth a try.} exd4 25. Bxb5) 24... Na2 25. Qd2 Nab4 26. Qc3 $1 {[%cal Rf3e5]} Na2 27. Qd2 Rd8 28. Rd1 Nd4 29. Nxd4 exd4 30. f4 b4 31. Rf1 f6 32. f5 Bf7 33. g4 Nc3 34. Bf3 Ra8 $4 {[%mdl 8192] [#]} (34... Qe5 $19 {avoids the disaster.} 35. Ra1 c5) 35. e5 $1 $18 {[%cal Re5d6][%mdl 576] Discovered Attack} Qd8 (35... Qxe5 36. Bxa8) 36. Bxa8 Qxa8 {[#]} 37. exf6 $1 {[%mdl 64] aiming for g5. Overworked Piece} gxf6 38. Qxh6 Ne2+ $2 (38... Qe8 {might work better.}) 39. Kf2 Qa2 (39... Qc6 $142 40. Kxe2 Qg2+ 41. Rf2 Qxg4+ 42. Ke1 Bh5) 40. Kxe2 $2 (40. Ra1 Qd5 41. Qxf6 (41. Kxe2 Qg2+ {[%mdl 64] Double Attack} 42. Kd1 Bb3+ 43. Ke1 Qg1+ 44. Ke2 Qg2+ 45. Ke1 Qg1+ 46. Ke2 Qg2+ 47. Ke1 $11)) 40... Qxb2+ {[%mdl 4096] Endgame KQR-KQB} 41. Qd2 Qc3 $2 (41... Qa3 42. Rg1 b3) 42. Rc1 Qb3 43. Rxc7 Qd5 {White must now prevent ...Qe5+.} 44. Kf2 Qe5 45. Rc8+ Kg7 46. Kg1 b3 {intending ...b2.} 47. Rc1 Bd5 (47... Qb5 $142 48. Qe2 Qb6) 48. Re1 Qc7 49. g5 {[%cal Bg4g5,Bg5f6][%mdl 32] Intending gxf6+ and mate.} b2 50. Qxb2 (50. gxf6+ $142 Kh8 51. Qg5) 50... Qf4 51. gxf6+ Kf7 (51... Kxf6 $142 52. Qf2 Qg4+ 53. Kf1 Qh3+ 54. Ke2 Qg4+ 55. Kd2 Bf3 56. Re6+ Kxf5) 52. Qf2 Bf3 53. Qg3 {Accuracy: White = 40%, Black = 34%.} 1-0

[Event "4th CNE NED-ch Rapid"]
[Site "Amstelveen"]
[Date "2018.11.18"]
[Round "7"]
[White "Timman, Jan H"]
[Black "Reinderman, Dimitri"]
[Result "1/2-1/2"]
[WhiteElo "2541"]
[BlackElo "2582"]
[Annotator "TA"]
[PlyCount "105"]
[EventDate "2018.11.18"]
[EventType "tourn"]
[EventCountry "NED"]
[SourceTitle "playchess.com"]
[Source "ChessBase"]
[SourceQuality "1"]

{[%evp 18,105,20,21,43,37,48,54,73,69,57,33,59,69,70,57,79,45,50,52,56,27,25,0,0,-141,-100,-105,-101,-115,-122,-91,-100,-131,-70,-92,-91,-82,0,0,96,88,373,363,352,357,332,352,379,371,381,344,343,262,259,218,252,191,187,0,0,0,0,0,0,-8,0,-141,-22,-22,-22,-23,-23,-417,-22,-22,-12,-8,-3,-31,0,0,0,0,0,0,0,0,0,0]} 1. Nf3 f5 2. d4 Nf6 3. g3 g6 4. Bg2 Bg7 5. O-O O-O 6. b3 d6 7. Bb2 Ne4 8. Nbd2 Nc6 9. e3 Nxd2 10. Nxd2 Qe8 {A81: Dutch Defence: 2 g3} 11. Nc4 e6 12. Re1 $146 ({Predecessor:} 12. f4 b5 13. Nd2 Rb8 14. c4 Nb4 15. Bc3 c5 16. Bxb4 cxb4 17. Rc1 e5 18. Bd5+ {0-1 (40) Schleining,Z (2376)-Jakubiec,A (2515) Germany 2014}) 12... Bd7 {White is slightly better.} 13. d5 exd5 14. Bxd5+ Kh8 15. Bxg7+ Kxg7 16. Qd2 Qe7 17. f4 Qf6 18. Rad1 Rae8 19. e4 fxe4 20. Bxe4 Bg4 21. Rc1 (21. Bxc6 $11 bxc6 22. Rc1) 21... Nd4 22. c3 {[#]} Rxe4 $1 {[%mdl 512]} 23. cxd4 (23. Rxe4 Nf3+) 23... Rxd4 24. Qf2 {White wants to play Ne3.} c5 25. Ne3 Bh3 (25... Bd7 $17 26. Red1 Bc6) 26. Nc2 $15 Rd3 27. Qe2 Rc3 (27... Qc3 $17 28. Rcd1 Bf5) 28. Rcd1 $1 $11 {[#]} Rf7 {[#]} (28... Bg4 $1 $11 {[%mdl 512]} 29. Qxg4 Rxc2) 29. Ne3 $1 $36 {[%cal Re3d5][%mdl 2048] White is in control.} Re7 $2 {[%mdl 8192] [#]} (29... Rxe3 $16 {keeps fighting.} 30. Qxe3 Bg4) 30. Nf5+ $1 $18 {[%mdl 576] Discovered Attack} Bxf5 (30... Qxf5 31. Qxe7+) 31. Qxe7+ Qxe7 32. Rxe7+ {[%mdl 4096] Endgame KRR-KRB} Kf6 33. Rxb7 Bd3 34. Rxa7 h5 35. Kf2 d5 36. Rd2 Be4 37. Rc7 Kf5 38. h3 $2 ({White should try} 38. Rb7 $18) 38... Rf3+ $11 39. Ke1 Rxg3 40. Rxc5 Rxh3 41. Rf2 h4 42. Kd2 (42. Rc7 $1 $11) 42... Kg4 (42... Rd3+ $17 43. Ke2 h3) 43. f5 $1 {[%cal Rf5f6] Black must now prevent f6.} gxf5 {White should prevent ...Rf3.} 44. Rc8 Rd3+ 45. Ke1 $2 {[%mdl 8192] [#]} (45. Ke2 $11 {and White is okay.}) 45... d4 $2 (45... Bf3 $1 $19 {[%csl Gf3][%cal Rd3d1]} 46. Rg8+ Kf4) 46. Rg8+ Kh3 47. b4 $1 Rg3 48. Rd8 d3 {[%mdl 1024] aiming for ...Rg1+. Black has compensation.} 49. b5 {The position is equal.} Rg1+ 50. Rf1 $1 {[%cal Rf1g1]} Rg3 51. Rf2 Rg1+ 52. Rf1 $1 {[%cal Rf1g1]} Rg3 53. Rf2 {Accuracy: White = 64%, Black = 50%.} 1/2-1/2